| 000 | 01287nam0a22003379 4500 | ||
|---|---|---|---|
| 001 | RU\NLR\b_ik\17698 | ||
| 005 | 20250616224259.0 | ||
| 010 | _a3-86064-091-7 | ||
| 035 | _a(NLR Aleph) 002092563 | ||
| 090 |
_a4962113 _c4962113 |
||
| 100 | _a19950127d1993 |||y0rusy50 ca | ||
| 101 | 0 | _arus | |
| 102 | _aRU | ||
| 105 | _ay ||||||||| | ||
| 200 | 1 |
_aWiedervereinigungspolitik im Widerstreit _eEinwirkungen u. Einwirkungsversuche westdeutscher Entscheidungsträger auf die Deutschlandpolitik Adenauers von 1949 bis zur Genfer Viermächtekonferenz 1959 _fKarl-Eckhard Hahn |
|
| 210 |
_aHamburg _cDr. Kovač _d1993 |
||
| 215 |
_a[3], 366 c. _d20 |
||
| 320 | _aБиблиогр.: с. 336-366 | ||
| 541 | 0 | _aПолитика воссоединения в столкновении. | |
| 606 | 0 |
_aФедеративная Республика Германии _xПолитика и управление _2nlr-sh1 |
|
| 686 | 0 |
_aТ3(4Ф)6-5 _2rubbk |
|
| 700 | 1 |
_aHahn _bKarl-Eckhard _4070 |
|
| 702 | 1 |
_aAdenauer _bKonrad |
|
| 801 | 0 |
_aRU _bNLR _c20011010 _gPSBO |
|
| 801 | 1 |
_aRU _bNLR _c20011016 |
|
| 852 |
_aNLR _jИ55 Д-3/791 |
||
| 942 | _cBOOK | ||
| 980 | _aNB | ||